[Event "European Blitz 2014"]
[Site "Wroclaw POL"]
[Date "2014.12.19"]
[Round "9.2"]
[White "Moranda, Wojciech"]
[Black "Edouard, Romain"]
[Result "1/2-1/2"]
[WhiteTitle "GM"]
[BlackTitle "GM"]
[WhiteElo "2591"]
[BlackElo "2659"]
[WhiteFideId "1122401"]
[BlackFideId "633429"]
[EventDate "2014.12.19"]

1. Nf3 b6 2. g3 Bb7 3. Bg2 g6 4. O-O Bg7 5. d4 Nf6 6. c4 O-O 7. Qc2 e6 8. Nc3 c5
9. dxc5 bxc5 10. Be3 d6 11. Rad1 Qe7 12. Rd2 Nbd7 13. Bf4 d5 14. Ne5 Nb6 15. Bg5
h6 16. cxd5 exd5 17. Bxf6 Qxf6 18. Nd3 Qe7 19. Nf4 d4 20. Bxb7 dxc3 21. Bxa8
cxd2 22. Bf3 Rd8 23. Rd1 g5 24. Nh5 Qd6 25. Nxg7 Kxg7 26. b3 Qd4 27. Be4 c4 28.
bxc4 Qxc4 29. Qb2+ Qd4 30. Rxd2 Qxb2 31. Rxb2 Na4 32. Rb7 Nc5 33. Rb4 Rd2 34.
Bf3 Rxa2 35. Rc4 Ne6 36. Kg2 a5 37. e3 a4 38. Bd5 Ra1 39. Rc6 Kf6 40. Ra6 Ke5
41. Bc4 a3 42. f4+ gxf4 43. gxf4+ Kf5 44. Kf3 1/2-1/2

[Event "European Blitz 2014"]
[Site "Wroclaw POL"]
[Date "2014.12.19"]
[Round "10.1"]
[White "Navara, David"]
[Black "Efimenko, Zahar"]
[Result "1-0"]
[WhiteTitle "GM"]
[BlackTitle "GM"]
[WhiteElo "2727"]
[BlackElo "2643"]
[WhiteFideId "309095"]
[BlackFideId "14107201"]
[EventDate "2014.12.19"]

1. e4 e5 2. Nf3 Nc6 3. Bb5 a6 4. Ba4 Nf6 5. O-O Be7 6. d3 b5 7. Bb3 d6 8. a4 Bd7
9. c3 O-O 10. Bc2 Re8 11. Re1 Rb8 12. h3 Bf8 13. Nbd2 g6 14. axb5 axb5 15. d4
Bg7 16. d5 Ne7 17. Nf1 c6 18. dxc6 Bxc6 19. Bg5 Qc7 20. Bxf6 Bxf6 21. Ne3 Bg7
22. Bb3 h6 23. Qd3 b4 24. Qc4 Kh7 25. Nd5 Qb7 26. Nxb4 Bb5 27. Qxf7 Rf8 28. Qe6
Rf6 29. Qg4 Rf4 30. Qg3 Rxe4 31. Rxe4 Qxe4 32. Bc2 Qb7 33. Nh4 Be8 34. Rd1 d5
35. Nxd5 Qxb2 36. Rb1 Qxb1+ 37. Bxb1 Rxb1+ 38. Kh2 Nxd5 39. Qd3 Rb5 40. c4 Rb4
41. Qxd5 Rb6 42. Nf3 Bc6 43. Qc5 Ra6 44. Nxe5 Be4 45. Qe7 Bf5 46. Nd7 Kg8 47.
Qe8+ Kh7 48. Nf8+ Bxf8 49. Qxf8 Rc6 50. Qe7+ 1-0

[Event "European Blitz 2014"]
[Site "Wroclaw POL"]
[Date "2014.12.19"]
[Round "10.1"]
[White "Bartel, Mateusz"]
[Black "Salgado Lopez, Ivan"]
[Result "1/2-1/2"]
[WhiteTitle "GM"]
[BlackTitle "GM"]
[WhiteElo "2664"]
[BlackElo "2622"]
[WhiteFideId "1112635"]
[BlackFideId "2257327"]
[EventDate "2014.12.19"]

1. e4 c6 2. Nc3 d5 3. Nf3 Nf6 4. e5 Ne4 5. Ne2 Qb6 6. d4 e6 7. Nfg1 f6 8. f3 Ng5
9. Ng3 c5 10. exf6 gxf6 11. f4 Nf7 12. Nh5 Be7 13. c3 cxd4 14. cxd4 Nc6 15. Nf3
Bd7 16. Be2 O-O-O 17. O-O Nd6 18. Be3 Rhg8 19. Rc1 Kb8 20. b3 Ne4 21. f5 e5 22.
Kh1 Be8 23. Ne1 exd4 24. Bg1 Qa5 25. Nf4 Bf7 26. Nf3 Nc3 27. Qd2 Qxa2 28. Qxa2
Nxa2 29. Ra1 Nc3 30. Nxd4 Nxd4 31. Bxd4 Nxe2 32. Bxa7+ Kc7 33. Nxe2 Ra8 34. Bd4
Rxa1 35. Rxa1 Rg4 36. Rc1+ Kd7 37. Bb6 Bd6 38. Nd4 h5 39. Kg1 h4 40. Rc3 Be5 41.
Rd3 Re4 42. Nf3 Kc6 43. Bf2 h3 44. gxh3 Bh5 45. Bg3 Bb2 46. Kf2 Kb5 47. Bd6 Kc6
48. Bg3 Kb5 49. Bd6 Kc6 50. Bg3 1/2-1/2

[Event "European Blitz 2014"]
[Site "Wroclaw POL"]
[Date "2014.12.19"]
[Round "10.1"]
[White "Alekseev, Evgeny"]
[Black "Duda, Jan-Krzysztof"]
[Result "1/2-1/2"]
[WhiteTitle "GM"]
[BlackTitle "GM"]
[WhiteElo "2679"]
[BlackElo "2603"]
[WhiteFideId "4138147"]
[BlackFideId "1170546"]
[EventDate "2014.12.19"]

1. e4 c5 2. Nf3 d6 3. d4 cxd4 4. Qxd4 Nc6 5. Bb5 Bg4 6. Qd3 a6 7. Bxc6+ bxc6 8.
O-O Nf6 9. e5 dxe5 10. Qxd8+ Rxd8 11. Nxe5 Bf5 12. Na3 e6 13. Nxc6 Rc8 14. Nd4
Bxa3 15. bxa3 1/2-1/2

[Event "European Blitz 2014"]
[Site "Wroclaw POL"]
[Date "2014.12.19"]
[Round "10.1"]
[White "Riazantsev, Alexander"]
[Black "Vitiugov, Nikita"]
[Result "0-1"]
[WhiteTitle "GM"]
[BlackTitle "GM"]
[WhiteElo "2684"]
[BlackElo "2738"]
[WhiteFideId "4125029"]
[BlackFideId "4152956"]
[EventDate "2014.12.19"]

1. d4 Nf6 2. c4 e6 3. Nf3 d5 4. Nc3 Bb4 5. cxd5 exd5 6. Bg5 h6 7. Bh4 c5 8. dxc5
Nbd7 9. Qd4 Bxc5 10. Qd2 Qb6 11. e3 Bb4 12. a3 Ne4 13. Qxd5 Nxc3 14. Qc4 Ba5 15.
b4 Qc7 16. bxa5 Qxa5 17. Qb4 Qxb4 18. axb4 Nb6 19. Nd4 Ncd5 20. b5 O-O 21. Be2
Bd7 22. O-O f5 23. Bf3 f4 24. Bxd5+ Nxd5 25. e4 Nc3 26. f3 Nxb5 27. Bf2 Nxd4 28.
Bxd4 a5 29. Rfd1 Bc6 30. Bb6 a4 31. Rd3 Rf7 32. h4 Kh7 33. Kh2 Rd7 34. Rc3 g5
35. h5 Rd2 36. Kg1 Ra6 37. Bc5 Ra5 38. Ba3 Rb5 39. Rac1 Ra2 40. Bf8 Rb3 41. Rxc6
bxc6 42. Rxc6 Rbb2 43. Rc7+ Kg8 44. Bxh6 Rxg2+ 45. Kf1 Rh2 46. Kg1 Rxh5 47. Rc8+
Kf7 48. Bf8 Rh8 0-1

[Event "European Blitz 2014"]
[Site "Wroclaw POL"]
[Date "2014.12.19"]
[Round "10.1"]
[White "Belous, Vladimir"]
[Black "Kovalenko, Igor"]
[Result "0-1"]
[WhiteTitle "GM"]
[BlackTitle "GM"]
[WhiteElo "2578"]
[BlackElo "2653"]
[WhiteFideId "4174003"]
[BlackFideId "14117908"]
[EventDate "2014.12.19"]

1. Nf3 Nf6 2. c4 g6 3. Nc3 c5 4. g3 Bg7 5. Bg2 O-O 6. O-O Nc6 7. d4 d6 8. d5 Na5
9. Qd3 a6 10. b3 Rb8 11. Rb1 b5 12. Bd2 b4 13. Ne4 Nxe4 14. Qxe4 Bf5 15. Qh4
Bxb1 16. Rxb1 e5 17. dxe6 Qxh4 18. exf7+ Kxf7 19. Nxh4 Ke7 20. Rd1 Rb6 21. Bg5+
Bf6 22. Nf3 Nc6 23. Bh6 Rd8 24. Ng5 Nd4 25. Nxh7 Rh8 26. Nxf6 Kxf6 27. Rxd4 cxd4
28. Bc1 Ke7 29. Bb2 Rh5 30. Bxd4 Rb8 31. Be4 Ra5 32. Bb1 g5 33. Kg2 d5 34. cxd5
Rxd5 35. Be3 Re5 36. Bd3 Rxe3 37. fxe3 a5 38. Kf3 Rh8 39. Kg2 Kf6 40. h3 Rc8 41.
h4 gxh4 42. gxh4 Rc1 43. h5 Kg5 44. e4 Kxh5 45. Kf3 Kg5 46. Ke3 Kf6 47. Kd4 Ra1
48. e5+ Ke7 49. Bc4 Rxa2 50. Kc5 Ra1 51. Kb5 Ra3 52. e4 Ra1 53. e6 Kd6 54. e5+
Ke7 55. Bd5 Re1 56. Bc4 Rxe5+ 57. Kb6 Rg5 58. Kc6 Re5 59. Kb6 Kd6 60. Ka6 Kc6
61. Bf1 Rxe6 62. Kxa5 Kc5 63. Bc4 Re4 64. Bg8 Re8 65. Bc4 Ra8+ 66. Ba6 Ra7 0-1

[Event "European Blitz 2014"]
[Site "Wroclaw POL"]
[Date "2014.12.19"]
[Round "10.1"]
[White "Bortnyk, Olexandr"]
[Black "Miton, Kamil"]
[Result "1-0"]
[WhiteTitle "IM"]
[BlackTitle "GM"]
[WhiteElo "2533"]
[BlackElo "2601"]
[WhiteFideId "14120828"]
[BlackFideId "1111914"]
[EventDate "2014.12.19"]

1. e4 c5 2. c3 e6 3. d4 d5 4. exd5 exd5 5. Nf3 Nc6 6. Bd3 cxd4 7. Nxd4 Bd6 8.
O-O Nge7 9. Qh5 Ne5 10. Bb5+ Kf8 11. Re1 Bg4 12. Qh4 N7g6 13. Qxd8+ Rxd8 14. f4
Nc6 15. Bxc6 bxc6 16. Nxc6 Rc8 17. Nxa7 Bc5+ 18. Be3 Bxa7 19. Bxa7 Nxf4 20. h3
Bh5 21. Re3 Bg6 22. Na3 h6 23. Rf1 Nd3 24. Re2 Kg8 25. Nb5 Kh7 26. Bd4 Rb8 27.
a4 Ra8 28. b3 Rhc8 29. Nd6 Rc7 30. Ra2 Nc5 31. Nb5 Rcc8 32. Bxc5 Rxc5 33. Rd2
Be4 34. Rxf7 Ra6 35. Rc7 Rxc7 36. Nxc7 Rc6 37. Nxd5 1-0

[Event "European Blitz 2014"]
[Site "Wroclaw POL"]
[Date "2014.12.19"]
[Round "10.1"]
[White "Inarkiev, Ernesto"]
[Black "Grigoriants, Sergey"]
[Result "0-1"]
[WhiteTitle "GM"]
[BlackTitle "GM"]
[WhiteElo "2680"]
[BlackElo "2570"]
[WhiteFideId "4162722"]
[BlackFideId "4130804"]
[EventDate "2014.12.19"]

1. d4 Nf6 2. c4 g6 3. g3 c5 4. d5 e6 5. Nc3 exd5 6. cxd5 d6 7. Bg2 Bg7 8. Nf3
O-O 9. O-O Re8 10. Bf4 Qd7 11. a4 Na6 12. Nb5 Ne4 13. Nd2 Nxd2 14. Qxd2 Be5 15.
Bxe5 Rxe5 16. f4 Re8 17. f5 Qe7 18. f6 Qf8 19. Qf4 Re5 20. e4 Nb4 21. Na3 Re8
22. Nc4 Rd8 23. h4 b6 24. Rfd1 Ba6 25. b3 Bxc4 26. bxc4 Re8 27. Rd2 Re5 28. g4
Rae8 29. g5 h5 30. Bf3 Kh7 31. Kh2 Rb8 32. Rg1 Qc8 33. Qg3 Qe8 34. Re2 Kh8 35.
Qf4 Kh7 36. Qg3 a6 37. Qf4 b5 38. axb5 axb5 39. cxb5 Rxb5 40. Reg2 Nd3 41. Qd2
c4 42. Qc3 Nf4 43. Rf2 Qc8 44. Rg3 Rb3 45. Qd2 Nd3 46. Rfg2 Rb2 47. Qc3 Rxg2+
48. Rxg2 Qc5 49. Re2 Re8 50. Qa1 c3 51. Qa4 Rc8 52. Qd7 Qc7 53. Qh3 c2 54. Bxh5
c1=Q 55. Bxg6+ fxg6 56. h5 Qf4+ 57. Kg2 Qxg5+ 0-1

[Event "European Blitz 2014"]
[Site "Wroclaw POL"]
[Date "2014.12.19"]
[Round "10.1"]
[White "Kempinski, Robert"]
[Black "Neiksans, Arturs"]
[Result "0-1"]
[WhiteTitle "GM"]
[BlackTitle "GM"]
[WhiteElo "2626"]
[BlackElo "2559"]
[WhiteFideId "1105663"]
[BlackFideId "11601388"]
[EventDate "2014.12.19"]

1. d4 f5 2. Nf3 Nf6 3. c4 d6 4. e3 g6 5. b4 Bg7 6. Bb2 O-O 7. Be2 Ne4 8. Nbd2
Nxd2 9. Qxd2 Nd7 10. O-O c6 11. Rfd1 Qe8 12. d5 Bxb2 13. Qxb2 cxd5 14. cxd5 Nf6
15. Rac1 Bd7 16. Rc7 Qb8 17. Rdc1 Rc8 18. Rxc8+ Bxc8 19. Qd4 Bd7 20. Nd2 Qd8 21.
h3 a5 22. b5 Rc8 23. Rxc8 Qxc8 24. Bc4 Qc5 25. Qxc5 dxc5 26. b6 a4 27. f3 Bc8
28. e4 Nd7 29. Bb5 Nxb6 30. a3 Kg7 31. Kf2 Kf6 32. Ke3 e6 33. d6 Ke5 34. f4+
Kxd6 35. Kd3 Bd7 36. Bxd7 Kxd7 37. Nf3 fxe4+ 38. Kxe4 Nc4 39. Kd3 Nxa3 40. Ne5+
Kd6 41. g4 b5 42. g5 b4 43. h4 c4+ 44. Kd2 c3+ 45. Kd3 Nb5 46. Nc4+ Ke7 47. Na5
Nd4 48. Nc4 a3 49. Ne3 a2 50. Kxd4 a1=Q 51. Nc2 Qd1+ 0-1

[Event "European Blitz 2014"]
[Site "Wroclaw POL"]
[Date "2014.12.19"]
[Round "10.1"]
[White "Azarov, Sergei"]
[Black "Socko, Bartosz"]
[Result "1-0"]
[WhiteTitle "GM"]
[BlackTitle "GM"]
[WhiteElo "2635"]
[BlackElo "2617"]
[WhiteFideId "13501470"]
[BlackFideId "1107038"]
[EventDate "2014.12.19"]

1. e4 e6 2. d4 d5 3. Nd2 Nf6 4. e5 Nfd7 5. Bd3 c5 6. c3 b6 7. Ne2 Ba6 8. Bxa6
Nxa6 9. O-O Nc7 10. Nf3 Be7 11. Ng3 c4 12. Nh5 g6 13. Nf4 b5 14. Be3 a5 15. Qd2
Nb6 16. Nh3 h5 17. Bg5 Kd7 18. Qf4 Qe8 19. Bf6 Rf8 20. Nhg5 Kc6 21. b3 Nd7 22.
Rab1 Qd8 23. Nh7 Rg8 24. Bxe7 Qxe7 25. Nf6 Rgb8 26. h4 Ne8 27. Nxd7 Qxd7 28. Ng5
Ra7 29. bxc4 dxc4 30. Ne4 Qd5 31. a4 b4 32. cxb4 Rxb4 33. Nc3 Qd8 34. Qf3+ Kb6
35. d5 Ka6 36. dxe6 fxe6 37. Qc6+ Qb6 38. Qxe8 Rb3 39. Qc8+ Rb7 40. Qxc4+ 1-0

[Event "European Blitz 2014"]
[Site "Wroclaw POL"]
[Date "2014.12.19"]
[Round "10.1"]
[White "Moranda, Wojciech"]
[Black "Savchenko, Boris"]
[Result "0-1"]
[WhiteTitle "GM"]
[BlackTitle "GM"]
[WhiteElo "2591"]
[BlackElo "2599"]
[WhiteFideId "1122401"]
[BlackFideId "4147332"]
[EventDate "2014.12.19"]

1. Nf3 d5 2. g3 Nf6 3. Bg2 Bf5 4. O-O e6 5. d3 Be7 6. c4 c6 7. cxd5 exd5 8. Nc3
Na6 9. b3 O-O 10. Bb2 Re8 11. Rc1 Nc5 12. b4 Qb6 13. a3 a5 14. bxc5 Qxb2 15. Na4
Qxa3 16. Ra1 Qb4 17. Rb1 Qg4 18. Rxb7 Bc8 19. Rb1 Bf8 20. e3 Ba6 21. Nd4 Qg6 22.
Rb3 Nd7 23. Qc2 Ne5 24. Rd1 Rab8 25. Nb6 a4 26. Nxa4 Rxb3 27. Qxb3 Bxd3 28. Nb2
Be4 29. f3 Bf5 30. Qb7 Bxc5 31. Na4 Bc2 32. Nxc5 Bxd1 33. f4 Ng4 34. Qxc6 Qxc6
35. Nxc6 Nxe3 36. Bh1 f6 37. Nd3 Ba4 38. Nd4 Re7 39. Bf3 Be8 40. Kf2 Bg6 41. Nb4
Bf7 42. Nbc6 Re8 43. h4 Nc4 44. Nf5 Kf8 45. Nb4 g6 46. Nd4 Rd8 47. Ndc6 Rd6 48.
Nd4 Nb6 49. Nd3 Nd7 50. Ke3 Rb6 51. Ne2 Rb3 52. Nd4 Ra3 53. Kd2 Nb6 54. Ke2 Nc4
55. Nb4 Ra4 56. Nxd5 Kg7 57. Nc3 Ra3 58. Ndb5 Rb3 59. Kd3 Nb6 60. Kc2 Rb4 61.
Nd6 Na4 62. Nxf7 Kxf7 63. Nd5 Rd4 64. Ne3 Nc5 65. Nf1 Ke6 66. Nd2 Ra4 67. Kb2 f5
68. Kc3 Ne4+ 69. Nxe4 fxe4 70. Bd1 Ra3+ 71. Kd4 Rd3+ 0-1

[Event "European Blitz 2014"]
[Site "Wroclaw POL"]
[Date "2014.12.19"]
[Round "10.1"]
[White "Matlakov, Maxim"]
[Black "Kovalev, Vladislav"]
[Result "1-0"]
[WhiteTitle "GM"]
[BlackTitle "GM"]
[WhiteElo "2695"]
[BlackElo "2539"]
[WhiteFideId "4168003"]
[BlackFideId "13504398"]
[EventDate "2014.12.19"]

1. d4 Nf6 2. Bf4 g6 3. Nc3 d5 4. Nb5 Na6 5. e3 Bg7 6. Nf3 O-O 7. c4 c6 8. Nc3
Nc7 9. h3 Ne6 10. Be5 a6 11. Rc1 dxc4 12. Bxc4 b5 13. Bb3 Qd7 14. O-O Bb7 15.
Bxf6 Bxf6 16. Ne4 Bg7 17. Bxe6 Qxe6 18. Nc5 Qc8 19. Qc2 e5 20. Nxe5 Bxe5 21.
dxe5 Re8 22. f4 Rb8 23. Ne4 Rd8 24. f5 Qc7 25. Nd6 c5 26. fxg6 fxg6 27. Qxc5 Qe7
28. Rf7 Qxf7 29. Nxf7 Rd2 30. Nh6+ Kg7 31. Qc7+ 1-0

[Event "European Blitz 2014"]
[Site "Wroclaw POL"]
[Date "2014.12.19"]
[Round "10.1"]
[White "Efimenko, Zahar"]
[Black "Navara, David"]
[Result "1/2-1/2"]
[WhiteTitle "GM"]
[BlackTitle "GM"]
[WhiteElo "2643"]
[BlackElo "2727"]
[WhiteFideId "14107201"]
[BlackFideId "309095"]
[EventDate "2014.12.19"]

1. e4 c6 2. d4 d5 3. Nc3 dxe4 4. Nxe4 Bf5 5. Ng3 Bg6 6. h4 h6 7. Nh3 e6 8. Nf4
Bh7 9. Be3 Nf6 10. Bd3 Bxd3 11. Qxd3 Qa5+ 12. Bd2 Bb4 13. c3 Bd6 14. b4 Qc7 15.
Ngh5 Nxh5 16. Nxh5 Kf8 17. O-O Nd7 18. Qf3 Qd8 19. Qg4 g6 20. Nf4 h5 21. Qf3 Qf6
22. Rfe1 Kg7 23. Qe4 Rae8 24. Nd3 Qf5 25. a4 Qxe4 26. Rxe4 e5 27. Rae1 Nf6 28.
R4e2 exd4 29. cxd4 Rxe2 30. Rxe2 Nd5 31. g3 Rd8 32. Kf1 Be7 33. b5 cxb5 34. axb5
Bd6 35. Nc5 Bxc5 36. dxc5 Rc8 37. c6 bxc6 38. bxc6 Rxc6 39. Re8 Rc2 40. Ke1 Nb6
41. Be3 Rc4 42. Re7 Ra4 43. Rb7 Ra1+ 44. Ke2 Ra2+ 45. Kf3 Ra3 46. Kg2 Kf6 47.
Bxb6 axb6 1/2-1/2

[Event "European Blitz 2014"]
[Site "Wroclaw POL"]
[Date "2014.12.19"]
[Round "10.1"]
[White "Salgado Lopez, Ivan"]
[Black "Bartel, Mateusz"]
[Result "1-0"]
[WhiteTitle "GM"]
[BlackTitle "GM"]
[WhiteElo "2622"]
[BlackElo "2664"]
[WhiteFideId "2257327"]
[BlackFideId "1112635"]
[EventDate "2014.12.19"]

1. e4 e5 2. Nf3 Nc6 3. Bb5 a6 4. Ba4 Nf6 5. O-O b5 6. Bb3 Bb7 7. d3 Be7 8. a3
O-O 9. Nc3 d6 10. h3 Nd7 11. Nd5 Nc5 12. Ba2 Ne6 13. Be3 Qd7 14. Nxe7+ Nxe7 15.
Re1 Kh8 16. d4 exd4 17. Bxd4 Nxd4 18. Nxd4 Rae8 19. Qg4 Qxg4 20. hxg4 c5 21. Nf3
Ng6 22. Ng5 Re7 23. Rad1 h6 24. Nxf7+ Rfxf7 25. Bxf7 Rxf7 26. Rxd6 Ne5 27. f3
Kh7 28. Red1 c4 29. Kh2 g5 30. Kg3 Kg7 31. Rd8 Re7 32. R8d6 Bc8 33. R1d5 Bb7 34.
Rd1 Bc8 35. Rb6 Nf7 36. Rd5 Rc7 37. Kf2 Re7 38. Rc5 Bb7 39. a4 bxa4 40. Rxc4 Ne5
41. Rxa4 Rc7 42. Kg3 Bc8 43. c3 Nc4 44. Rbb4 Ne5 45. Rd4 Ng6 46. Rac4 1-0

[Event "European Blitz 2014"]
[Site "Wroclaw POL"]
[Date "2014.12.19"]
[Round "10.1"]
[White "Duda, Jan-Krzysztof"]
[Black "Alekseev, Evgeny"]
[Result "0-1"]
[WhiteTitle "GM"]
[BlackTitle "GM"]
[WhiteElo "2603"]
[BlackElo "2679"]
[WhiteFideId "1170546"]
[BlackFideId "4138147"]
[EventDate "2014.12.19"]

1. e4 c5 2. Nf3 e6 3. d4 cxd4 4. Nxd4 Nc6 5. Nc3 a6 6. Be2 d6 7. O-O Nf6 8. Be3
Be7 9. f4 O-O 10. a4 Qc7 11. Kh1 Re8 12. Bf3 Rb8 13. Qd2 Na5 14. b3 b6 15. g4 d5
16. e5 Bb4 17. Nde2 Ne4 18. Bxe4 dxe4 19. Qd4 Nc6 20. Qd1 Bb7 21. Na2 Bc5 22.
Bxc5 bxc5 23. Ng3 e3 24. Nc3 Rbd8 25. Qc1 Nxe5+ 26. Kg1 Nxg4 27. h3 Qc6 28. Nce4
Nf6 0-1

[Event "European Blitz 2014"]
[Site "Wroclaw POL"]
[Date "2014.12.19"]
[Round "10.1"]
[White "Vitiugov, Nikita"]
[Black "Riazantsev, Alexander"]
[Result "1-0"]
[WhiteTitle "GM"]
[BlackTitle "GM"]
[WhiteElo "2738"]
[BlackElo "2684"]
[WhiteFideId "4152956"]
[BlackFideId "4125029"]
[EventDate "2014.12.19"]

1. d4 e6 2. c4 c5 3. d5 g6 4. e4 Bg7 5. Bd3 d6 6. Nf3 Ne7 7. h3 h6 8. Nc3 a6 9.
a4 Nd7 10. Bf4 e5 11. Bd2 f5 12. Qc2 Nf6 13. Nh4 f4 14. a5 O-O 15. Nf3 Bd7 16.
Na4 Bxa4 17. Qxa4 g5 18. b4 Nd7 19. Rb1 Ng6 20. Qa3 Rf7 21. Bc2 Bf8 22. b5 b6
23. bxa6 Rxa6 24. Rb5 Nf6 25. Ke2 Rfa7 26. Rhb1 Nd7 27. Ba4 h5 28. h4 Nxh4 29.
Nxh4 gxh4 30. Qh3 Nf6 31. Rxb6 Rxb6 32. Rxb6 Nxe4 33. Be1 Kg7 34. Bc6 Qg5 35.
Rb7+ Rxb7 36. Bxb7 Qg6 37. a6 Ng3+ 38. fxg3 Qe4+ 39. Kf1 fxg3 40. Qd7+ Kg6 41.
Qe8+ Kg7 42. Qxh5 Qxc4+ 43. Qe2 Qa4 44. Qf3 Be7 45. Bc8 Bg5 46. Qd3 c4 47. Qf5
Bf6 48. Qd7+ 1-0

[Event "European Blitz 2014"]
[Site "Wroclaw POL"]
[Date "2014.12.19"]
[Round "10.1"]
[White "Kovalenko, Igor"]
[Black "Belous, Vladimir"]
[Result "1-0"]
[WhiteTitle "GM"]
[BlackTitle "GM"]
[WhiteElo "2653"]
[BlackElo "2578"]
[WhiteFideId "14117908"]
[BlackFideId "4174003"]
[EventDate "2014.12.19"]

1. d4 Nf6 2. c4 g6 3. Nf3 Bg7 4. g3 O-O 5. Bg2 c5 6. Nc3 cxd4 7. Nxd4 Nc6 8. O-O
Nxd4 9. Qxd4 d6 10. Qd3 Be6 11. Bf4 Nd7 12. b3 Rb8 13. Rac1 a6 14. Ne4 Bf5 15.
Qd2 b5 16. Rfd1 bxc4 17. Rxc4 Ne5 18. Rcc1 Qb6 19. Nc3 Be6 20. Be3 Qb4 21. Nd5
Bxd5 22. Qxb4 Rxb4 23. Bxd5 Rbb8 24. Rc7 e6 25. Bb7 d5 26. Ba7 Rbd8 27. Bxa6 Ra8
28. Bb5 Ng4 29. a4 Be5 30. Rb7 Rfc8 31. Kg2 Bd6 32. Bd4 e5 33. Ba7 d4 34. Bc4
Rc7 35. Rxc7 Bxc7 36. Bc5 Nf6 37. Rc1 Rb8 38. e3 d3 39. Bxd3 Rxb3 40. Be7 Ng4
41. Rxc7 Rxd3 42. h3 1-0

[Event "European Blitz 2014"]
[Site "Wroclaw POL"]
[Date "2014.12.19"]
[Round "10.1"]
[White "Miton, Kamil"]
[Black "Bortnyk, Olexandr"]
[Result "0-1"]
[WhiteTitle "GM"]
[BlackTitle "IM"]
[WhiteElo "2601"]
[BlackElo "2533"]
[WhiteFideId "1111914"]
[BlackFideId "14120828"]
[EventDate "2014.12.19"]

1. d4 d6 2. Nf3 g6 3. g3 f5 4. Bg2 Nf6 5. O-O Bg7 6. b3 O-O 7. Bb2 a5 8. a4 c6
9. Nbd2 Na6 10. Nc4 Be6 11. Nfd2 h6 12. e3 g5 13. Qe2 Nb4 14. Na3 Bf7 15. c3
Nbd5 16. e4 fxe4 17. Nxe4 Nxe4 18. Bxe4 Nf6 19. Bg2 Bxb3 20. c4 Bxa4 21. Nb1 Bb3
22. Nd2 Bc2 23. d5 cxd5 24. cxd5 a4 25. Nc4 Bg6 26. Bd4 b5 27. Nb6 Rb8 28. Qxb5
Ne8 29. Be3 Bxa1 30. Rxa1 Ng7 31. g4 Bc2 32. Qc6 Bb3 33. Be4 Qe8 34. Nxa4 Qxc6
35. dxc6 Ra8 36. c7 Rxa4 37. Rb1 Rxe4 0-1

[Event "European Blitz 2014"]
[Site "Wroclaw POL"]
[Date "2014.12.19"]
[Round "10.1"]
[White "Grigoriants, Sergey"]
[Black "Inarkiev, Ernesto"]
[Result "0-1"]
[WhiteTitle "GM"]
[BlackTitle "GM"]
[WhiteElo "2570"]
[BlackElo "2680"]
[WhiteFideId "4130804"]
[BlackFideId "4162722"]
[EventDate "2014.12.19"]

1. e4 c5 2. Nf3 d6 3. d4 cxd4 4. Nxd4 Nf6 5. Nc3 a6 6. h3 e6 7. g4 h6 8. Be3 g5
9. Bg2 Nbd7 10. h4 Rg8 11. hxg5 hxg5 12. Qe2 Ne5 13. f3 b5 14. O-O-O Bb7 15. a3
Rc8 16. Qe1 Nfd7 17. Bf1 Nb6 18. Rh7 Be7 19. Bg1 Nbc4 20. Bxc4 Rxc4 21. Kb1 Qb8
22. Na2 Bf6 23. Qe2 Rh8 24. Rxh8+ Bxh8 25. Be3 Bf6 26. Nb4 Qc8 27. Nd3 Nxg4 28.
fxg4 Bxd4 29. Bxg5 Bg7 30. Nf2 Qc5 31. Bf4 Rd4 32. Nd3 Qc4 33. Qh2 Bxe4 34. Qh7
Bxh7 0-1

[Event "European Blitz 2014"]
[Site "Wroclaw POL"]
[Date "2014.12.19"]
[Round "10.1"]
[White "Neiksans, Arturs"]
[Black "Kempinski, Robert"]
[Result "1/2-1/2"]
[WhiteTitle "GM"]
[BlackTitle "GM"]
[WhiteElo "2559"]
[BlackElo "2626"]
[WhiteFideId "11601388"]
[BlackFideId "1105663"]
[EventDate "2014.12.19"]

1. e4 c5 2. Nf3 d6 3. Bb5+ Nd7 4. d4 cxd4 5. Qxd4 a6 6. Bxd7+ Bxd7 7. Bg5 h6 8.
Bh4 Rc8 9. O-O e5 10. Bxd8 exd4 11. Bb6 Rxc2 12. Bxd4 Nf6 13. Nc3 Be7 14. Rab1
Bc6 15. Rfe1 O-O 16. Bb6 Nd7 17. Nd4 Rd2 18. Nb3 Rd3 19. Be3 Bf6 20. Red1 Rxd1+
21. Rxd1 Bxc3 22. bxc3 Bxe4 23. Rxd6 Ne5 24. Bd4 Nc4 25. Rd7 Re8 26. f3 Bc6 27.
Rc7 Re2 28. Nc5 Nd2 29. Nxb7 Bd5 30. Nc5 Nc4 31. Nxa6 Rxa2 32. Nb4 Ra1+ 33. Kf2
Be6 34. Nd3 Ra2+ 35. Kg3 Nd2 36. Kf4 Nb3 37. Kg3 Rd2 38. Nf4 Nxd4 39. cxd4 Rxd4
40. Nxe6 fxe6 41. Re7 Rd6 42. Kf4 Kf8 43. Ra7 Rd5 44. Kg3 Rg5+ 45. Kf2 1/2-1/2

[Event "European Blitz 2014"]
[Site "Wroclaw POL"]
[Date "2014.12.19"]
[Round "10.1"]
[White "Socko, Bartosz"]
[Black "Azarov, Sergei"]
[Result "0-1"]
[WhiteTitle "GM"]
[BlackTitle "GM"]
[WhiteElo "2617"]
[BlackElo "2635"]
[WhiteFideId "1107038"]
[BlackFideId "13501470"]
[EventDate "2014.12.19"]

1. e4 e5 2. Nf3 Nc6 3. Bc4 Bc5 4. c3 Nf6 5. d4 exd4 6. e5 d5 7. Be2 Ne4 8. cxd4
Be7 9. Nc3 O-O 10. O-O f5 11. exf6 Bxf6 12. Be3 Kh8 13. Rc1 Bg4 14. h3 Bh5 15.
Qb3 Bxf3 16. Bxf3 Nxd4 17. Bxd4 Bxd4 18. Nxe4 dxe4 19. Bxe4 Bxf2+ 20. Rxf2 Rxf2
21. Qxb7 Qd4 22. Rc4 Rf1+ 23. Kxf1 Qxc4+ 24. Kg1 Qc5+ 25. Kh2 Re8 26. Bf3 Qd6+
27. Kg1 Qb6+ 28. Kf1 Qxb7 29. Bxb7 Rb8 0-1

[Event "European Blitz 2014"]
[Site "Wroclaw POL"]
[Date "2014.12.19"]
[Round "10.1"]
[White "Savchenko, Boris"]
[Black "Moranda, Wojciech"]
[Result "1-0"]
[WhiteTitle "GM"]
[BlackTitle "GM"]
[WhiteElo "2599"]
[BlackElo "2591"]
[WhiteFideId "4147332"]
[BlackFideId "1122401"]
[EventDate "2014.12.19"]

1. e4 d6 2. d4 Nf6 3. Nc3 e5 4. Nf3 Nbd7 5. Bc4 Be7 6. a4 O-O 7. O-O c6 8. Ba2
a5 9. h3 h6 10. Be3 exd4 11. Bxd4 Qc7 12. Qd2 Ne5 13. Qf4 Nh5 14. Qe3 Bf6 15.
Rad1 Re8 16. Nxe5 Bxe5 17. f4 Bxd4 18. Qxd4 Nf6 19. Qxd6 Qb6+ 20. Qd4 Qxb2 21.
e5 Nh7 22. f5 Qb4 23. Bc4 Nf8 24. Ne4 b5 25. Bxf7+ Kxf7 26. Nd6+ Ke7 27. f6+
gxf6 28. exf6+ Kd7 29. Nc4+ Ke6 30. f7 1-0